000 00858cab a2200241 4500
001 ABS59600
008 090401t1998 xxu||||| |||| 00| 0 eng d
035 _a(Sirsi) u90085
041 _aeng
100 _aBingham, T.
245 _aCould it be you?
260 _c1998
350 _a0
490 _aBuilding
_v263(8066) 27 November 1998, 57(1)
520 _aConsiders the use of Health and Safety at Work Act 1974 s3 to expose criminal liability for latent defects in new construction work. Discusses the Port of Ramsgate case where both client and contractor were convicted of the criminal offence.
650 _aCRIMINAL LIABILITY
650 _aHEALTH AND SAFETY AT WORK ETC ACT 1974
650 _aINDEPENDENT CONTRACTOR
650 _aPORT OF RAMSGATE
690 _aBUILT ENVIRONMENT-BUILDING PATHOLOGY
942 _n0
948 _c02/12/1998
999 _c57059
_d57059